000 00715nam a2200193 i 4500
001 73305
003 ES-MaACL
005 20230906171743.0
007 t|
008 040928s1970 sp ||||1| fre d
080 _a7:681.3
080 _a681.3:7
245 0 0 _aL'ordinateur et la creativité
_b: rationalitation du processus de creativité dans l'arquitecture et la peinture /
_c[E. García Camarero... [et al.].
260 _aMadrid :
_bCentre de Calcul de l'Université,
_c1970.
300 _a132 p. :
_bil. ;
_c28 cm.
650 1 4 _aArquitectura-
_xProceso de datos.
_910003
710 2 _aUniversidad de Madrid.
_bCentro de Cálculo.
_97207
852 _aES-MaACL
_j2181-F-1
_z. - Donat. Ernesto García Camarero
999 _c73305
_d73305